[Event "80th Tata Steel GpB"]
[Site "Wijk aan Zee NED"]
[Date "2018.01.14"]
[Round "2.6"]
[White "Bok, Benjamin"]
[Black "Harika, Dronavalli"]
[Result "1/2-1/2"]
[WhiteTitle "GM"]
[BlackTitle "GM"]
[WhiteElo "2607"]
[BlackElo "2497"]
[WhiteFideId "1017063"]
[BlackFideId "5015197"]
[EventDate "2018.01.13"]

1. e4 c5 2. Nf3 Nc6 3. Bb5 d6 4. O-O Bd7 5. Re1 Nf6 6. c3 a6 7. Bf1 Bg4 8. h3
Bxf3 9. Qxf3 e6 10. d3 Be7 11. Nd2 O-O 12. Qe2 b5 13. g3 Rb8 14. Bg2 Qc7 15. a3
a5 16. a4 b4 17. Nc4 Nd7 18. Be3 Nce5 19. Nxe5 dxe5 20. Rec1 Qd6 21. cxb4 cxb4
22. Rc2 Rfc8 23. Rac1 Rxc2 24. Qxc2 Bd8 25. b3 Kf8 26. Qc6 Qxc6 27. Rxc6 Bb6 28.
Bf3 Ke7 29. Bd1 Kd8 30. Kf1 Bxe3 31. fxe3 1/2-1/2

[Event "80th Tata Steel GpB"]
[Site "Wijk aan Zee NED"]
[Date "2018.01.15"]
[Round "3.7"]
[White "Krasenkow, Michal"]
[Black "Van Foreest, Lucas"]
[Result "1/2-1/2"]
[WhiteTitle "GM"]
[BlackTitle "IM"]
[WhiteElo "2671"]
[BlackElo "2481"]
[WhiteFideId "1113100"]
[BlackFideId "1039792"]
[EventDate "2018.01.13"]

1. d4 Nf6 2. c4 e6 3. Nc3 Bb4 4. e3 O-O 5. Nf3 c5 6. Bd3 d5 7. O-O cxd4 8. exd4
dxc4 9. Bxc4 b6 10. Bg5 Bb7 11. Re1 Nbd7 12. Rc1 Rc8 13. Qb3 Bxc3 14. Rxc3 Re8
15. Ne5 h6 16. Nxf7 Kxf7 17. Bxe6+ Kf8 18. Bf4 g5 19. Bd6+ Kg7 20. Rce3 Rc6 21.
Bb4 Rc7 22. Bc3 Nf8 23. d5 Nxe6 24. Rxe6 Rxe6 25. dxe6 Qd5 26. Qxd5 Bxd5 27. e7
Bf7 28. f4 Rc8 29. Rd1 Bxa2 30. fxg5 hxg5 31. Rd8 Rxc3 32. bxc3 Bf7 33. Ra8 a5
34. c4 Be8 35. Rb8 a4 36. Rxb6 Ne4 37. Ra6 Kf7 38. Ra7 Ke6 39. g3 g4 40. Kg2 Nd6
41. c5 Bc6+ 42. Kf2 Ne8 43. Ke3 Kd5 44. Kd2 Kxc5 45. Ra5+ Kd6 46. Rh5 Bd7 47. h3
gxh3 48. Rh4 Nf6 49. e8=Q Nxe8 50. g4 Nc7 51. Rxh3 Nb5 52. Rh5 Nd4 53. Kc3 Nc6
54. Rh6+ 1/2-1/2

[Event "80th Tata Steel GpB"]
[Site "Wijk aan Zee NED"]
[Date "2018.01.16"]
[Round "4.5"]
[White "Vidit, Santosh Gujrathi"]
[Black "Harika, Dronavalli"]
[Result "1-0"]
[WhiteTitle "GM"]
[BlackTitle "GM"]
[WhiteElo "2718"]
[BlackElo "2497"]
[WhiteFideId "5029465"]
[BlackFideId "5015197"]
[EventDate "2018.01.13"]

1. e4 c5 2. Nf3 d6 3. Bb5+ Nd7 4. O-O Nf6 5. Re1 a6 6. Bd3 b5 7. c4 b4 8. a3
bxa3 9. Rxa3 e5 10. Nc3 Be7 11. Bc2 O-O 12. d3 Nb8 13. Ba4 Bd7 14. Bg5 Ra7 15.
Bxf6 Bxf6 16. Nd5 Be6 17. Qb3 Bxd5 18. cxd5 Qc7 19. Nd2 Rb7 20. Qc3 Rb4 21. Nc4
Be7 22. Rea1 g6 23. Rb3 Rxb3 24. Bxb3 Bd8 25. Ba4 f5 26. Ra3 fxe4 27. dxe4 Qf7
28. Qc2 Bh4 29. g3 Be7 30. Rb3 Qf6 31. Rb7 h5 32. h4 Kh8 33. Qe2 Kg8 34. Qe3 Rd8
35. Kg2 Qf8 36. Na5 Rc8 37. Nc6 Bf6 38. Qf3 Nxc6 39. dxc6 Bd8 1-0

[Event "80th Tata Steel GpB"]
[Site "Wijk aan Zee NED"]
[Date "2018.01.19"]
[Round "6.3"]
[White "Bluebaum, Matthias"]
[Black "Amin, Bassem"]
[Result "1/2-1/2"]
[WhiteTitle "GM"]
[BlackTitle "GM"]
[WhiteElo "2640"]
[BlackElo "2693"]
[WhiteFideId "24651516"]
[BlackFideId "10601457"]
[EventDate "2018.01.13"]

1. d4 Nf6 2. c4 g6 3. Nc3 Bg7 4. e4 d6 5. h3 O-O 6. Be3 c5 7. Nf3 cxd4 8. Nxd4
b6 9. g3 Bb7 10. Bg2 Nbd7 11. O-O Rb8 12. Qc2 a6 13. Rad1 e6 14. Rfe1 Qe7 15.
Qd2 Rfc8 16. b3 Ba8 17. Nde2 Ne8 18. Bh6 Bxh6 19. Qxh6 b5 20. cxb5 axb5 21. Qe3
b4 22. Na4 e5 23. Nc1 Nc5 24. Nb2 Nf6 25. f3 Ncd7 26. Nc4 d5 27. exd5 Nxd5 28.
Qf2 Nc3 29. Rd2 Bd5 30. Nxe5 Nxe5 31. f4 Bxg2 32. Rxe5 Qxe5 33. fxe5 Ne4 34. Qa7
Bf3 35. Nd3 Nxd2 36. e6 fxe6 37. Qe3 e5 38. Qxd2 Rd8 39. Qe3 e4 40. Nf2 Re8 41.
g4 Rbc8 42. g5 Rc2 43. h4 Rxa2 44. Qd4 Ra6 45. Qc4+ Rae6 46. Kf1 Kg7 47. Qd4+
Kf7 48. Qd5 Kf8 49. Ke1 Re5 50. Qd4 Kf7 51. Qc4+ Kg7 52. Qd4 Kf7 53. Qc4+ Kg7
54. Qd4 Re7 55. Qxb4 h6 56. Nh3 Kh7 57. Qd6 R5e6 58. Qd8 Re8 59. Qd7+ R6e7 60.
Qc6 Rf8 61. Qd6 Ref7 62. gxh6 Kxh6 63. Ng5 Rf5 64. Qe7 Kh5 65. Ne6 R8f7 66. Ng7+ 1/2-1/2

[Event "80th Tata Steel GpB"]
[Site "Wijk aan Zee NED"]
[Date "2018.01.27"]
[Round "12.7"]
[White "Bok, Benjamin"]
[Black "Bluebaum, Matthias"]
[Result "1/2-1/2"]
[WhiteTitle "GM"]
[BlackTitle "GM"]
[WhiteElo "2607"]
[BlackElo "2640"]
[WhiteFideId "1017063"]
[BlackFideId "24651516"]
[EventDate "2018.01.13"]

1. d4 d5 2. c4 e6 3. Nc3 Bb4 4. a3 Bxc3+ 5. bxc3 Nf6 6. e3 c6 7. Nf3 O-O 8. a4
Qc7 9. Ba3 Rd8 10. Rc1 Nbd7 11. cxd5 cxd5 12. Be2 Ne4 13. O-O Nb6 14. c4 Nxc4
15. Bxc4 dxc4 16. Ne5 Nd2 17. Re1 f6 18. Qxd2 fxe5 19. Qb4 a5 20. Qxc4 Qxc4 21.
Rxc4 exd4 22. exd4 Bd7 23. Rc7 Bxa4 24. Rxb7 Rxd4 25. h3 Bd7 26. Bb2 Rd5 27. Rc1
a4 28. Rcc7 a3 29. Bxa3 Rxa3 30. Rxd7 Rxd7 31. Rxd7 Kf8 32. Kh2 h6 33. f3 Kg8
34. Re7 Ra6 35. h4 Kh7 36. g4 Kg6 37. Kg3 Kf6 38. Rb7 Ra4 39. h5 1/2-1/2

[Event "80th Tata Steel GpB"]
[Site "Wijk aan Zee NED"]
[Date "2018.01.28"]
[Round "13.4"]
[White "Harika, Dronavalli"]
[Black "Krasenkow, Michal"]
[Result "1/2-1/2"]
[WhiteTitle "GM"]
[BlackTitle "GM"]
[WhiteElo "2497"]
[BlackElo "2671"]
[WhiteFideId "5015197"]
[BlackFideId "1113100"]
[EventDate "2018.01.13"]

1. e4 e5 2. Nf3 Nc6 3. Bc4 Bc5 4. O-O Nf6 5. d3 d6 6. c3 Bb6 7. a4 a5 8. Re1 O-O
9. h3 h6 10. Nbd2 Ne7 11. Nf1 Ng6 12. Ng3 c6 13. Bb3 Be6 14. d4 exd4 15. cxd4 d5
16. e5 Nd7 17. Bc2 c5 18. Nh5 cxd4 19. Bxg6 fxg6 20. Nf4 Qe8 21. Nxd4 Bxd4 22.
Qxd4 Rc8 23. Be3 Nc5 24. Rad1 b6 25. b4 axb4 26. Qxb4 Qc6 27. Nxe6 Qxe6 28. a5
bxa5 29. Qxa5 d4 30. Bxd4 Nb3 31. Qb5 Nxd4 32. Rxd4 Rc2 33. Re2 Rxe2 34. Qxe2
Re8 35. Re4 g5 36. Kh2 Kf7 37. Re3 Re7 38. Qd3 Kg8 39. Qe4 Re8 40. Qd4 Re7 41.
Qd8+ Re8 42. Qd6 Qxd6 43. exd6 Rd8 44. Rd3 Kf7 45. Kg3 Ke6 46. Re3+ Kxd6 47. f4
gxf4+ 48. Kxf4 Rf8+ 49. Kg4 Rf6 50. h4 Re6 51. Rxe6+ Kxe6 52. Kf4 1/2-1/2

[Event "80th Tata Steel GpB"]
[Site "Wijk aan Zee NED"]
[Date "2018.01.28"]
[Round "13.5"]
[White "Amin, Bassem"]
[Black "Bok, Benjamin"]
[Result "1/2-1/2"]
[WhiteTitle "GM"]
[BlackTitle "GM"]
[WhiteElo "2693"]
[BlackElo "2607"]
[WhiteFideId "10601457"]
[BlackFideId "1017063"]
[EventDate "2018.01.13"]

1. e4 c5 2. Nf3 Nc6 3. d3 g6 4. g3 Bg7 5. Bg2 d6 6. O-O e5 7. c3 Nge7 8. a3 O-O
9. b4 a6 10. Nbd2 h6 11. Rb1 Be6 12. Re1 b6 13. Nc4 Rb8 14. bxc5 bxc5 15. Rxb8
Qxb8 16. Qa4 a5 17. Nfd2 Qc7 18. Ne3 Bd7 19. Ndc4 Ra8 20. Bd2 Nd8 21. Qc2 Rb8
22. a4 h5 23. f4 f6 24. Qd1 Nf7 25. Rf1 Qc6 26. Nxa5 Qxa4 27. Qxa4 Bxa4 28. Bh3
Kf8 29. Nac4 exf4 30. gxf4 f5 31. exf5 Bd7 32. Re1 gxf5 33. Bg2 Rb3 34. Nd5 Nxd5
35. Bxd5 Bxc3 36. Bxc3 Rxc3 37. Re3 Rc1+ 38. Kf2 Rc2+ 39. Re2 Rxe2+ 40. Kxe2 Ke7
41. Bxf7 Kxf7 42. Nxd6+ Ke6 43. Nc4 Bb5 44. Ne3 Bd7 45. Nf1 Be8 46. Ke3 Kd5 47.
Kd2 Kd6 48. Ng3 Bg6 49. Ne2 Bf7 50. Ke3 Kd5 51. Nc3+ Kc6 52. Kd2 Kd6 53. Ne2 Kd5
54. Ng3 Bg6 55. Nf1 Be8 56. Ne3+ Ke6 57. Kc3 Bd7 58. Nc4 Be8 59. Nb6 Bb5 60. Nc4
Be8 61. Ne3 Bd7 62. d4 cxd4+ 63. Kxd4 Bc6 64. Kc5 Be4 65. Nc4 Ba8 66. Ne5 Be4
67. Nc6 Kd7 68. Nd4 Ke7 69. Nb5 Ke6 70. Nd6 Bf3 71. h4 Be2 72. Nb7 Bf3 73. Nd8+
Kd7 74. Nf7 Bg2 75. Nd6 Ke6 76. Ne8 Bf3 77. Nc7+ Ke7 78. Kd4 Kd6 79. Nb5+ Ke6
80. Ke3 Bg4 81. Nc3 Kd6 82. Kd4 Bf3 83. Kc4 Kc6 84. Nb1 Bd5+ 85. Kd4 Kd6 86. Nd2
Bg2 87. Nc4+ Ke6 88. Kc5 Be4 89. Nd2 Bd5 90. Nb1 Be4 91. Nc3 Bf3 92. Kc4 Bg2 93.
Kd4 Bf3 94. Ke3 Bg4 95. Kd3 Bf3 96. Kd4 Kd6 97. Nb5+ Ke6 98. Kc5 Be4 99. Nd4+
Ke7 100. Ne2 Bf3 101. Nc3 Ke6 102. Kc4 Bg2 103. Na4 Kd6 104. Kd4 Bc6 105. Nc5
Bf3 106. Nd3 Be4 107. Ne5 Ke6 108. Kc5 Bg2 109. Nc6 Be4 1/2-1/2